[Event "EU-ch Seniors 13th"]
[Site "Plovdiv"]
[Date "2013.03.13"]
[Round "3"]
[White "Nikolov, Zdravko"]
[Black "Maman, Emanuel"]
[Result "0-1"]
[WhiteElo "1753"]
[BlackElo "1942"]
[PlyCount "75"]
[EventDate "2013.03.11"]
[EventType "swiss"]
[EventRounds "9"]
[EventCountry "BUL"]
[SourceTitle "CBM 153 Extra"]
[Source "ChessBase"]
[SourceDate "2013.04.22"]
[SourceVersion "1"]
[SourceVersionDate "2013.04.22"]
[SourceQuality "1"]

1. d4 Nf6 2. c4 g6 3. Nc3 Bg7 4. e4 d6 5. f3 c5 6. Be3 cxd4 7. Bxd4 Nc6 8. Be3 0-0 9. Nge2 Bd7 10. Qd2 Re8 11. Nd4 Nxd4 12. Bxd4 Bc6 13. Bd3 a6 14. 0-0 Rc8 15. Rac1 e6 16. Ne2 d5 17. cxd5 exd5 18. e5 Nd7 19. f4 Bh6 20. Rf3 Nxe5 21. Bxe5 Rxe5 22. Rh3 Qf8 23. Qc3 Re7 24. Qf6 Bg7 25. Qh4 h6 26. b3 Rec7 27. Rf3 Qb4 28. Rff1 Qd2 29. Qg3 Re7 30. Rc2 Qe3+ 31. Qxe3 Rxe3 32. Rd1 Rce8 33. Kf2 h5 34. Rcd2 h4 35. h3 Bh6 36. Rc2 R3e6 37. Nd4 Rf6 38. Kf3 0-1

[Event "Wch Seniors 22nd"]
[Site "Kamena Vourla"]
[Date "2012.11.17"]
[Round "5"]
[White "Nielsen, Peter"]
[Black "Maman, Emanuel"]
[Result "0-1"]
[WhiteElo "1733"]
[BlackElo "1941"]
[PlyCount "100"]
[EventDate "2012.11.13"]
[EventType "swiss"]
[EventRounds "11"]
[EventCountry "GRE"]
[SourceTitle "CBM 151 Extra"]
[Source "ChessBase"]
[SourceDate "2012.12.18"]
[SourceVersion "1"]
[SourceVersionDate "2012.12.18"]
[SourceQuality "1"]

1. Nf3 Nf6 2. g3 d6 3. d4 g6 4. b3 d5 5. Bb2 Bg7 6. Bg2 c6 7. 0-0 0-0 8. Nbd2 Na6 9. Re1 Re8 10. c4 e6 11. Ne5 Nd7 12. Ndf3 f6 13. Nxd7 Bxd7 14. cxd5 exd5 15. e3 Nc7 16. Rc1 Nb5 17. a4 Nd6 18. Nd2 h5 19. e4 dxe4 20. Nxe4 Nxe4 21. Bxe4 f5 22. Bd3 Rxe1+ 23. Qxe1 Qf6 24. Bc4+ Kh7 25. Rc2 Qd6 26. Re2 Bf6 27. Qc1 b5 28. axb5 cxb5 29. Bd3 Rc8 30. Rc2 Rxc2 31. Qxc2 Bxd4 32. Bxd4 Qxd4 33. Bf1 Qd6 34. Qd3 Qxd3 35. Bxd3 Kg7 36. Kf1 Kf6 37. f4 Ke6 38. Ke2 a5 39. Ke3 Kd5 40. h3 Kc5 41. g4 hxg4 42. hxg4 Kb4 43. gxf5 gxf5 44. Kd4 Kxb3 45. Kd5 a4 46. Kd6 a3 47. Kxd7 a2 48. Bxf5 a1Q 49. Be6+ Kb4 50. f5 Qf6 0-1

[Event "Wch Seniors 22nd"]
[Site "Kamena Vourla"]
[Date "2012.11.16"]
[Round "4"]
[White "Maman, Emanuel"]
[Black "Baeta, Marcio Netto"]
[Result "0-1"]
[WhiteElo "1941"]
[BlackElo "2066"]
[PlyCount "126"]
[EventDate "2012.11.13"]
[EventType "swiss"]
[EventRounds "11"]
[EventCountry "GRE"]
[SourceTitle "CBM 151 Extra"]
[Source "ChessBase"]
[SourceDate "2012.12.18"]
[SourceVersion "1"]
[SourceVersionDate "2012.12.18"]
[SourceQuality "1"]

1. e4 e5 2. Nf3 Nc6 3. Bc4 Nd4 4. c3 Nxf3+ 5. Qxf3 Nf6 6. d4 d5 7. exd5 exd4 8. cxd4 Bb4+ 9. Nc3 0-0 10. 0-0 Bg4 11. Qg3 Qd7 12. h3 Bd6 13. Bf4 Bxf4 14. Qxf4 Bh5 15. Rfe1 a6 16. a3 Bg6 17. Re2 b5 18. Bb3 Bd3 19. Re5 Qd6 20. Qe3 Bc4 21. Bxc4 bxc4 22. Re1 Rab8 23. Qe2 Nd7 24. Re3 Nb6 25. Qf3 Rbd8 26. Re5 Nd7 27. R5e2 Nf6 28. Re5 Qb6 29. Rg5 h6 30. Rg3 Qxd4 31. Re7 Nxd5 32. Nxd5 Rxd5 33. Rxc7 Rb5 34. Qc3 Qxc3 35. Rxc3 Rd8 36. Rc2 Rd1+ 37. Kh2 Rb1 38. R7xc4 R1xb2 39. Rxb2 Rxb2 40. f3 Kf8 41. Rc6 h5 42. h4 g6 43. Rxa6 Ra2 44. Ra7 Kg7 45. Kh3 Ra1 46. a4 Ra3 47. a5 Kf6 48. Kg3 Ra2 49. a6 Kg7 50. Ra8 Kh7 51. a7 Kg7 52. Kf4 Ra4+ 53. Ke5 f6+ 54. Ke6 Ra6+ 55. Ke7 g5 56. hxg5 fxg5 57. g3 h4 58. gxh4 gxh4 59. f4 h3 60. f5 h2 61. f6+ Kh7 62. f7 h1Q 63. f8Q Qb7+ 0-1